Quels sont les 13 pays européens qui sont restés neutres pendant la Se - Statistiques

Statistiques générales
  • Ce quiz a été pris 32 fois
  • Le résultat moyen est 7 sur 13
Statistiques - réponses
Réponse % Correct
Suisse
93%
Portugal
72%
Andorre
69%
Espagne
69%
Monaco
69%
Saint-Marin
69%
Suède
69%
Liechtenstein
62%
Irlande
59%
Lituanie
24%
Lettonie
21%
Estonie
17%
Cité du Vatican
0%
Aucun quiz correspondant
Distribution des résultats
% des personnes avec chaque résultat
Percentile par nombre de réponses
Votre historique - résultats
Vous n’avez pas pris ce quiz